[Event "NATO-ch 31st"]
[Site "Blankenberge"]
[Date "2021.10.15"]
[Round "7.35"]
[White "Slaidins, Janis"]
[Black "Tikerpuu, Mati"]
[Result "0-1"]
[WhiteElo "1843"]
[BlackElo "1789"]
[PlyCount "66"]
[EventDate "2021.10.11"]
[EventType "team-swiss"]
[EventRounds "7"]
[EventCountry "BEL"]
[SourceTitle "CBM 204 Extra"]
[Source "ChessBase"]
[SourceDate "2021.11.30"]
[SourceVersion "1"]
[SourceVersionDate "2021.11.30"]
[SourceQuality "1"]
[WhiteTeam "Latvia"]
[BlackTeam "Estonia"]
[WhiteTeamCountry "LAT"]
[BlackTeamCountry "EST"]

1. e4 d5 2. exd5 Qxd5 3. Nc3 Qa5 4. d4 Nf6 5. h3 Bf5 6. Bd3 e6 7. Nf3 Bxd3 8. Qxd3 Bb4 9. Bd2 Nc6 10. 0-0 0-0-0 11. a3 Bxc3 12. bxc3 Qf5 13. Qc4 Qd5 14. Qe2 Ne4 15. c4 Nxd4 16. Nxd4 Qxd4 17. Be3 Nc3 18. Qh5 Qxc4 19. Qxf7 Rd7 20. Qh5 b6 21. Qe5 Rf8 22. Rfe1 Rf5 23. Qh2 Rdf7 24. f3 h5 25. Kh1 Rb5 26. Bd2 Ne2 27. a4 Rd5 28. Be3 Qc3 29. Bf2 Rd2 30. Bg3 Rfd7 31. Be5 Qxc2 32. Bxg7 Rxg7 33. Qe5 Ng3+ 0-1

[Event "NATO-ch 27th"]
[Site "Shrivenham"]
[Date "2016.08.22"]
[Round "1"]
[White "Pietruszewski, Marcin"]
[Black "Slaidins, Janis"]
[Result "1-0"]
[WhiteElo "2163"]
[BlackElo "1884"]
[PlyCount "79"]
[EventDate "2016.08.22"]
[EventType "swiss"]
[EventRounds "7"]
[EventCountry "ENG"]
[SourceTitle "EXT 2018"]
[Source "ChessBase"]
[SourceDate "2017.10.13"]
[SourceVersion "1"]
[SourceVersionDate "2017.10.13"]
[SourceQuality "1"]

1. e4 e5 2. Nf3 d6 3. d4 exd4 4. Nxd4 Nf6 5. Nc3 Be7 6. Bc4 0-0 7. 0-0 Nxe4 8. Nxe4 d5 9. Bd3 dxe4 10. Bxe4 Bf6 11. c3 c6 12. Nf5 Bxf5 13. Bxf5 Na6 14. Bf4 Qa5 15. Qh5 g6 16. Bxg6 Qxh5 17. Bxh5 Rfd8 18. Rfd1 Kg7 19. Bd6 Re8 20. f4 Rad8 21. Rd3 Re6 22. Rad1 b6 23. f5 Rexd6 24. Rxd6 Rxd6 25. Rxd6 Nb8 26. Kf2 Be7 27. Rd3 Kf6 28. Kf3 c5 29. Kf4 h6 30. Bf3 Kg7 31. Bb7 Kf8 32. Ke5 Bg5 33. f6 Ke8 34. Kf5 Bc1 35. b3 a5 36. a4 Bb2 37. h4 Ba1 38. g4 Bb2 39. g5 hxg5 40. h5 1-0

[Event "NATO-ch 26th"]
[Site "Amsterdam"]
[Date "2015.07.07"]
[Round "2.45"]
[White "Ulusoy, Mustafa"]
[Black "Slaidins, Janis"]
[Result "0-1"]
[WhiteElo "1624"]
[BlackElo "1850"]
[PlyCount "64"]
[EventDate "2015.07.06"]
[EventType "swiss"]
[EventRounds "7"]
[EventCountry "NED"]
[SourceTitle "EXT 2016"]
[Source "ChessBase"]
[SourceDate "2015.10.08"]
[SourceVersion "1"]
[SourceVersionDate "2015.10.08"]
[SourceQuality "1"]
[WhiteTeam "Turkey"]
[BlackTeam "Latvia"]
[WhiteTeamCountry "TUR"]
[BlackTeamCountry "LAT"]

1. d4 d5 2. Nf3 e6 3. c4 Nf6 4. Nc3 c6 5. Bg5 Be7 6. e3 0-0 7. Bd3 a6 8. 0-0 Nfd7 9. Bxe7 Qxe7 10. cxd5 cxd5 11. Rc1 Nf6 12. Qc2 Nbd7 13. Rfe1 b5 14. e4 dxe4 15. Nxe4 Bb7 16. Ne5 Rac8 17. Qd2 Rxc1 18. Qxc1 Rc8 19. Qe3 Nxe4 20. Bxe4 Nxe5 21. dxe5 Bxe4 22. Qxe4 Qd7 23. h3 g6 24. a3 a5 25. Re2 a4 26. f4 Rc4 27. Qf3 Qd4+ 28. Rf2 Rc2 29. g3 Rxb2 30. Kf1 Rxf2+ 31. Qxf2 Qxf2+ 32. Kxf2 b4 0-1